00250nam a2200109Ia 4500008004100000100001400041245002800055260002100083650001400104942000700118999001500125190216s9999||||xx |||||||||||||| ||und|| aRamaswamy 0aPrinciples Of Economics bKcs Desikan & Co aEconomics cBK c9747d9747